Creación de textos literarios para niños y jóvenes : ¿Construcción o desconstrucción de un mundo cultural? /

Furkejuvvon:
Bibliográfalaš dieđut
Váldodahkki: Sánchez Lihon, Danilo
Materiálatiipa: Dovdameahttun
Giella:Spanish
Fáttát:
Fáddágilkorat: Lasit fáddágilkoriid
Eai fáddágilkorat, Lasit vuosttaš fáddágilkora!

MARC

LEADER 000000000a22000000004500
001 005920
041 0 |a spa 
100 1 |a Sánchez Lihon, Danilo 
245 1 0 |a Creación de textos literarios para niños y jóvenes :   |b ¿Construcción o desconstrucción de un mundo cultural? /   |c Danilo Sánchez Lihon. 
650 4 |a LITERATURA INFANTIL 
650 4 |a LITERATURA JUVENIL 
650 4 |a IDENTIDAD CULTURAL 
650 4 |a SINTÁXIS 
650 4 |a ORALIDAD 
650 4 |a CRÍTICA LITERARIA 
773 0 |x 1315-8392  |d Venezuela : Universidad de los Andes  |t Voz y escritura: Revista de Estudios Literarios  |g número 6-7 (1996), páginas 246-261 
942 |c ARC 
999 |c 12596  |d 12596